Spanneberg, H.: 100 Begriffe für den Praktiker. Elektrické Maschinen

Bibliographic Details
Main Authors: Puzjak, Ivan, 1929-2010 (Author), Spanneberg, H. (Author)
Format: Article
Language:Slovak
Subjects:

MARC

LEADER 00000nab a2200000 a 4500
001 vtls000253403
003 SK-MaSNL
005 20260304060716.0
008 250422c1986 xo 0 slo
015 |a SNBRB19rr/mm-uuuuu 
035 |a CL0263517 
035 |a urn:nbn:sk:snk-abd0mv 
035 |a (urnnbn)urn:nbn:sk:snk:ar-006uvz 
035 |a (uuid)5590e629-1511-4c66-91e6-023b5f7bb8fb 
040 |a SNKBUCL  |b slo  |c SNKBUCL  |e AACR2 
041 0 |a slo 
044 |a xo  |c SK 
080 |a 621.313  |2 1981 
100 1 |a Puzjak, Ivan,  |d 1929-2010  |4 aut  |9 6944 
245 1 0 |a Spanneberg, H.: 100 Begriffe für den Praktiker. Elektrické Maschinen  |c I. Puzjak ; H. Spanneberg 
650 0 7 |a elektrické stroje  |2 snkbucl  |9 3914 
655 7 |a články z novín a časopisov  |2 snkbucl  |9 267496 
700 1 |a Spanneberg, H.  |4 aut  |9 1344323 
773 0 |t Elektrotechnický časopis  |g Roč. 37, č. 5 (1986), s. 446 
787 0 8 |i Rec.:  |a Spanneberg, H.  |t 100 Begriffe für den Praktiker. Elektrische Maschinen  |d Berlin : VEB Verlag Technik, 1985 
850 |a Slovenská národná knižnica 
852 |a Slovenská národná knižnica 
954 |a odborná, vedecká literatúra pôvodná (slovenská)  |2 lita 
958 |a article17 
958 |a RK 
958 |a DE 
958 |a OND 
958 |a EUIPO 
992 |a RBX 
999 |c 2729667  |d 2731597